| 000 | 00000nam##2200000za#4500 |
| 001 | 9.579609 |
| 003 | CaOODSP |
| 005 | 20210624190638 |
| 007 | cr ||||||||||| |
| 008 | 150406|1997||||xxc|||||o f|0| 0 eng|d |
| 022 | |a1488-5387 |
| 040 | |aCaOODSP|beng |
| 043 | |an-cn--- |
| 086 | 1 |aFs97-4/2386E-PDF |
| 110 | 1 |aCanada. |bDepartment of Fisheries and Oceans. |
| 245 | 12|aA field guide to counting and measuring salmonids using the Silhouette Imaging and Counting System (SIACS) / |h[electronic resource]|cby John H.C. Pippy, W. Gordon Whelan and Michael F. O'Connell. |
| 260 | |aSt. John's - Newfoundland and Labrador : |bFisheries and Oceans Canada |c1997. |
| 300 | |a102p.|bfigs. |
| 490 | 1 |aCanadian manuscript report of fisheries and aquatic sciences|x1488-5387|vNo. 2386 |
| 500 | |aOn t.p.: Science Branch, St. John's, Newfoundland. The catalogue number and ISSN for the print edition appear in the PDF version. |
| 546 | |a(Résumés en français) |
| 590 | |a14-09-Supp|b2014-04-23 |
| 720 | 1 |aO'Connell, M. F. |
| 720 | 1 |aPippy, John H. C. |
| 720 | 1 |aWhelan, W. |
| 776 | 0#|tA field guide to counting and measuring salmonids using the Silhouette Imaging and Counting System (SACS) / |w(CaOODSP)9.613683 |
| 830 | #0|aCanadian manuscript report of fisheries and aquatic sciences,|x1488-5387|vNo. 2386|w(CaOODSP)9.505211 |
| 856 | 40|ahttp://publications.gc.ca|qPDF|s2277 KB|uhttps://publications.gc.ca/collections/collection_2014/mpo-dfo/Fs97-4-2386-eng.pdf|yNo. 2386 |